| 000 | 00338nam a22001337a 4500 | ||
|---|---|---|---|
| 008 | 170609b xxu||||| |||| 00| 0 eng d | ||
| 020 | _a0865313555 | ||
| 041 | _aeng | ||
| 080 | _a94(7/8) | ||
| 100 | _a18 | ||
| 101 | _aSHH | ||
| 245 |
_aREVOLUTIONARY CUBA: THE CHALLENGE OF ECONOMIC GROWTH WITH EQUITY _cBRUNDENIUES,C |
||
| 942 |
_2udc _cBK |
||
| 999 |
_c16777 _d16777 |
||